Statistics for Hard Family Guy Trivia

Click here to take the quiz!

General Stats

  • This quiz has been taken 1,061 times
  • The average score is 5 of 13

Answer Stats

Hint Answer % Correct
On what holiday does Kevin Swanson return?Thanksgiving
95%
What board game does Peter win at, making him take a genius test?Trivial Pursuit
64%
When Stewie travels to the future, what job does Chris have?Police Officer
48%
What segment makes Lois call the FCC to shut down Peter's network?The Sideboob Hour
48%
Who does Stewie meet when trying to stop Peter and Lois from having another baby?Bertram
46%
What does Peter use to scare Mort away from his house?A ScareJew
41%
When Peter starts his children's show, what is the name for the Lois puppet?Saggy Naggy
38%
What song does Stewie cover as a love song for Susie Swanson?Everything I Do
33%
What does Cleveland's aunt say Joe was in his previous life?An Octopus
33%
What is Peter's name when he goes to Meg's school?Lando Griffin
31%
What robot do Joe and his friends form when Peter doesn't let them into his restaurant?CrippleTron
25%
What was Cleveland's job before he opened a deli?Auctioneer
21%
Who is killed first in "And Then There Were Fewer"?Stephanie
20%

Score Distribution

Percentile by Number Answered

Percent of People with Each Score

Your Score History

You have not taken this quiz